Articulación entre el pregrado y el postgrado: experiencias universitarias
Uloženo v:
| Korporace: | , |
|---|---|
| Médium: | Kniha |
| Jazyk: | španělština |
| Vydáno: |
Santiago
Centro Interuniversitario de Desarrollo CINDA
2013
|
| Témata: | |
| Tagy: |
Přidat tag
Žádné tagy, Buďte první, kdo vytvoří štítek k tomuto záznamu!
|
MARC
| LEADER | 00000cam a2200000 a 4500 | ||
|---|---|---|---|
| 001 | UCF9426 | ||
| 003 | CL-VaPUC | ||
| 008 | 131115e20130300cl |||||||||||||||||spa|d | ||
| 020 | |a 9789567106615 | ||
| 082 | 0 | 4 | |a 378.199 |b CEN |2 21 |
| 110 | 2 | |a Centro Interuniversitario de Desarrollo |e author |9 571723 | |
| 710 | 2 | |a CINDA |e author |9 571724 | |
| 245 | 1 | 0 | |a Articulación entre el pregrado y el postgrado: experiencias universitarias |
| 300 | |a 269 p | ||
| 942 | |c BK | ||
| 945 | |d 20131115 14:49:00 |a dcastane | ||
| 260 | |a Santiago |b Centro Interuniversitario de Desarrollo CINDA |c 2013 | ||
| 650 | 0 | |a Educación superior |9 223851 | |
| 650 | 0 | |a Curriculos |9 343652 | |
| 650 | 0 | |a Universidades |9 256317 | |
| 583 | |a last modification |c 20131128 11:16:21 |k Rodrigo Vera | ||
| 999 | |c 353870 |d 353868 | ||
| 952 | |0 0 |1 0 |3 erb |4 0 |6 378_199000000000000_CEN_2013 |7 0 |8 A |9 459300 |a BIBEDU |b BIBEDU |i 5025087 |o 378.199 CEN 2013 |p 5025087 |r 2019-11-23 |w 2019-11-23 |y BK |z Catalogado en:20131115 |k EDU | ||
| 952 | |0 0 |1 0 |3 erb |4 0 |6 378_199000000000000_CEN_2013 |7 0 |8 A |9 459301 |a BIBEDU |b BIBEDU |i 5025095 |l 1 |o 378.199 CEN 2013 |p 5025095 |r 2022-04-30 |s 2022-04-30 |w 2019-11-23 |y BK |z Catalogado en:20131115 |k EDU | ||
| 952 | |0 0 |1 0 |3 erb |4 0 |6 378_199000000000000_CEN_2013 |7 0 |8 ED_SUP |9 459302 |a BIBGIM |b BIBGIM |c S_PSTGRDO |i 5025109 |o 378.199 CEN 2013 |p 5025109 |r 2025-01-15 |w 2019-11-23 |y BK |z Catalogado en:20131115 |k ESU | ||
| 952 | |0 0 |1 0 |3 erb |4 0 |6 378_199000000000000_CEN_2013 |7 0 |8 ED_SUP |9 459303 |a BIBGIM |b BIBGIM |c S_PSTGRDO |i 5025117 |o 378.199 CEN 2013 |p 5025117 |r 2025-01-15 |w 2019-11-23 |y BK |z Catalogado en:20131115 |k ESU | ||